01094 2200409 4500001002100000005001500021035002500036090002100061090002000082245005300102250002000155260002900175300003900204007000300243008004100246020001800287040001700305082001500322084001700337100001700354650001400371850001200385041000800397504003300405990002100438990002000459990002100479990002000500990002100520990002000541990002000561990002100581990002000602990002100622990002000643990002100663YOGYA00000000007822920190704024720 a0010-081400000077946 aDEP 627.12 AGU e aPK 627.12 AGU e10aEKO-HIDRAULIK pengelolaan sungai /cAgus Maryono aCetakan pertama aYogyakarta :bUGM,c2008 axv, 159 halaman :bgambar ;c23 cmta131130s2008 yoia g 1 | d a979-420-683-0 aYOPDYOGbind04223a627.12 a627.12 AGU e0 aAgus Maryono 4aHidraulik aYOPDYOG0 aind aBibliografi: halaman 150-155 aCB-D.11/2008-698 a64030-PD/A.2019 aCB-D.11/2008-698 a64030-PD/A.2019 aCB-D.11/2008-698 a64030-PD/A.2019 a64030-PD/A.2019 aCB-D.11/2008-698 a64030-PD/A.2019 aCB-D.11/2008-698 a64030-PD/A.2019 aCB-D.11/2008-698